قانون الإجراءات الجزائرية فى دولة الإمارات العربية: (Record no. 59989)
[ view plain ]
| 000 -LEADER | |
|---|---|
| fixed length control field | 01414nam a22003497a 4500 |
| 003 - CONTROL NUMBER IDENTIFIER | |
| control field | EG-GICUC |
| 005 - DATE AND TIME OF LATEST TRANSACTION | |
| control field | 20260429170225.0 |
| 008 - FIXED-LENGTH DATA ELEMENTS--GENERAL INFORMATION | |
| fixed length control field | 260128s2009 ua ||||fr|||| 00| 0 ara d |
| 017 ## - COPYRIGHT OR LEGAL DEPOSIT NUMBER | |
| Copyright or legal deposit number | 2008/14916 |
| 020 ## - INTERNATIONAL STANDARD BOOK NUMBER | |
| International Standard Book Number | 9789770457114 |
| 040 ## - CATALOGING SOURCE | |
| Original cataloging agency | EG-GICUC |
| Language of cataloging | ara |
| Transcribing agency | EG-GICUC |
| Modifying agency | EG-GICUC |
| Description conventions | rda |
| 041 ## - LANGUAGE CODE | |
| Language code of text/sound track or separate title | ara |
| 082 04 - DEWEY DECIMAL CLASSIFICATION NUMBER | |
| Edition number | 21 |
| Classification number | 343.30535 |
| Item number | ح س . ق |
| 092 04 - LOCALLY ASSIGNED DEWEY CALL NUMBER (OCLC) | |
| Edition number | 21 |
| 099 ## - LOCAL FREE-TEXT CALL NUMBER (OCLC) | |
| Classification number | Law1 10 343.30535 1 ed - 2009 |
| 100 0# - MAIN ENTRY--PERSONAL NAME | |
| Personal name | حسنى الجندى |
| Relator term | مؤلف. |
| 245 10 - TITLE STATEMENT | |
| Title | قانون الإجراءات الجزائرية فى دولة الإمارات العربية: |
| Remainder of title | معلقا عليه بأقوال الفقه وأحكام القضاء. |
| Medium | الجزء الاول، |
| Name of part/section of a work | المواد من 1 حتي 138 / |
| Statement of responsibility, etc. | حسنى الجندى |
| 250 ## - EDITION STATEMENT | |
| Edition statement | الطبعة الأولى |
| 264 ## - PRODUCTION, PUBLICATION, DISTRIBUTION, MANUFACTURE, AND COPYRIGHT NOTICE | |
| Place of production, publication, distribution, manufacture | القاهرة : |
| Name of producer, publisher, distributor, manufacturer | دار النهضة العربية , |
| Date of production, publication, distribution, manufacture, or copyright notice | 2009. |
| 300 ## - PHYSICAL DESCRIPTION | |
| Extent | 835 صفحة; |
| Dimensions | 24 سم |
| Other physical details | إيضاحيات، صور، مثيليات ؛ |
| 336 ## - CONTENT TYPE | |
| Source | rda content |
| Content type term | text |
| 337 ## - MEDIA TYPE | |
| Source | rda media |
| Media type term | Computer |
| 338 ## - CARRIER TYPE | |
| Source | rda carrier |
| Carrier type term | Online Resource |
| 505 ## - FORMATTED CONTENTS NOTE | |
| Formatted contents note | الجزء الأول: المواد من 1 حتى 138. |
| 546 ## - LANGUAGE NOTE | |
| Language note | النص باللغة العربية |
| 650 1# - SUBJECT ADDED ENTRY--TOPICAL TERM | |
| Topical term or geographic name entry element | قانون جنائي |
| 650 1# - SUBJECT ADDED ENTRY--TOPICAL TERM | |
| Topical term or geographic name entry element | قانون الإجراءات الجنائية |
| Source of heading or term | qrmak |
| 651 1# - SUBJECT ADDED ENTRY--GEOGRAPHIC NAME | |
| Source of heading or term | qrmak |
| 856 40 - ELECTRONIC LOCATION AND ACCESS | |
| Uniform Resource Identifier | <a href="https://fll.law.cu.edu.eg/fulltext/bks/B10-05645.pdf">https://fll.law.cu.edu.eg/fulltext/bks/B10-05645.pdf</a> |
| 905 ## - Cataloger and Reviser Names | |
| Cataloger Name: | Marwa |
| 942 ## - ADDED ENTRY ELEMENTS (KOHA) | |
| Source of classification or shelving scheme | Dewey Decimal Classification |
| Koha item type | Books |
| Edition | 21 |
| Suppress in OPAC | No |
| Withdrawn status | Lost status | Source of classification or shelving scheme | Damaged status | Not for loan | Collection | Home library | Current library | Date acquired | Total checkouts | Full call number | Barcode | Date last seen | Copy number | Price effective from | Koha item type |
|---|---|---|---|---|---|---|---|---|---|---|---|---|---|---|---|
| Dewey Decimal Classification | Not for loan | القانون الجنائي | جــــامعة القــاهرة | مكتبة كلية الحقوق - المبنى الرئيسي | 28.01.2026 | Law1 10 343.30535 ح س . ق 1 ed - 2009 1005645 V1,C1 | B10-05645 | 28.01.2026 | 1 | 28.01.2026 | Books | ||||
| Dewey Decimal Classification | القانون الجنائي | جــــامعة القــاهرة | مكتبة كلية الحقوق - المبنى الرئيسي | 28.01.2026 | Law1 10 343.30535 ح س . ق 1 ed - 2009 1005646 V1,C2 | B10-05646 | 28.01.2026 | 2 | 28.01.2026 | Books |